Ethnic worlds in select Indian fiction / (Record no. 92643)

MARC details
000 -LEADER
fixed length control field 01204nam a22002297a 4500
005 - DATE AND TIME OF LATEST TRANSACTION
control field 20150410103753.0
010 ## - LCCN (DPL NO)
LC control number ENG-112450
020 ## - INTERNATIONAL STANDARD BOOK NUMBER
International Standard Book Number 9788132118466
Terms of availability 695.00
035 ## - SYSTEM CONTROL NUMBER
System control number EN-95982
037 ## - SOURCE OF ACQUISITION
Source of stock number/acquisition DBAD/PUB
082 ## - DEWEY DECIMAL CLASSIFICATION NUMBER
Classification number 891.4
100 ## - MAIN ENTRY--PERSONAL NAME
Personal name Dutta, Juri
245 ## - TITLE STATEMENT
Title Ethnic worlds in select Indian fiction /
Statement of responsibility, etc by Juri Dutta
260 ## - PUBLICATION, DISTRIBUTION, ETC. (IMPRINT)
Place of publication, distribution, etc New Delhi
Name of publisher, distributor, etc Sage Publiocations
Date of publication, distribution, etc 2014
270 ## - ADDRESS
Address B-1/I-1, Mohan Cooperative Industrial Area, Mathura Road,
City New Delhi
Postal code 110044
300 ## - PHYSICAL DESCRIPTION
Extent xii,152p.
Dimensions 23cm(Hb)
500 ## - GENERAL NOTE
General note Includes bibliographical references and index
505 ## - FORMATTED CONTENTS NOTE
Formatted contents note The tradition of Assamese ethnographic novels -- Forests, human rights and development: a cross-cultural study of select novels of Yeshe Dorjee Thongchi, Pratibha Ray and Mahasweta Devi -- Folkloric materials in ethnic novels (with special reference to Narayan, Rong Bong -- Terang, Lummer Dai, Yeshe Dorjee Thongchi and Sishuram Pegu) -- A feminist reading of Kanyar Mulya (Lummer Dai), Alma Kabutari (Maitreyi Pushpa) and select short stories of Mahasweta Devi.
650 ## - SUBJECT ADDED ENTRY--TOPICAL TERM
Topical term or geographic name as entry element Indic fiction
General subdivision History and criticism.
650 ## - SUBJECT ADDED ENTRY--TOPICAL TERM
Topical term or geographic name as entry element Ethnicity in literature.
942 ## - ADDED ENTRY ELEMENTS (KOHA)
Source of classification or shelving scheme Dewey Decimal Classification
Item type English Books
Call number suffix DUT
Classification part 891.4
Holdings
Withdrawn status Lost status Not for loan Collection code Home library Current library Date acquired Source of acquisition Cost, normal purchase price Full call number Barcode Copy number Cost, replacement price Koha item type
    Not For Loan Non-fiction D.B.Act.Division D.B.Act.Division 31/03/2015 DBAD/PUB 695.00 891.4 DUT EN-95982 1 695.00 English Books

© Delhi Public Library
Hit Counter
free hit counter